000 00565nam a22001697a 4500
005 20251108172929.0
008 250721s2004 xx 000 0 ara d
082 1 4 _a956.402/ نقي
100 1 _aالنقيب، مازن
_eمؤلف
245 1 0 _aالقتل من أسفار اليهود و بروتوكولات حكماء صهيون إلى فارس بلا جواد /
264 1 _aدمشق :
_bالأوائل للتشر و التوزيع،
_c2004.
300 _a191ص.
650 1 7 _aإسرائيل
650 1 7 _aالقتل
942 _2ddc
_cBK
999 _c92098
_d92098